[Event "Teplice Open 2019"]
[Site "Teplice"]
[Date "2019.06.16"]
[Round "2.11"]
[White "Epishin, Vladimir"]
[Black "Malovanyi, Yulian"]
[Result "1-0"]
[WhiteElo "2564"]
[BlackElo "2260"]
[Annotator "ChessBase"]
[PlyCount "73"]
[EventDate "2019.06.15"]
[EventType "swiss"]
[EventCountry "CZE"]
[SourceTitle "playchess.com"]
[Source "ChessBase"]
[SourceQuality "1"]
[TimeControl "40/5400+30:1800+30"]

1. c4 {[%emt 0:00:00]} c5 {[%emt 0:02:20]} 2. g3 {[%emt 0:00:40]} Nf6 {[%emt 0:01:33]} 3. Bg2 {[%emt 0:00:07]} e6 {[%emt 0:01:21]} 4. Nf3 {[%emt 0:00:54]} Nc6 {[%emt 0:02:50]} 5. O-O {[%emt 0:01:10]} Be7 {[%emt 0:05:36]} 6. d4 {[%emt 0:01:26]} cxd4 {[%emt 0:01:12]} 7. Nxd4 {[%emt 0:00:06]} O-O {[%emt 0:04:21]} 8. Nc3 {[%emt 0:02:14]} d5 {[%emt 0:11:25]} 9. a3 {[%emt 0:15:59]} a6 {[%emt 0:07:11]} 10. Bf4 {[%emt 0:04:31]} Na5 {[%emt 0:27:53]} 11. cxd5 {[%emt 0:03:13]} exd5 {[%emt 0:00:13]} 12. Rc1 {[%emt 0:01:28]} Bg4 {[%emt 0:04:49]} 13. h3 {[%emt 0:01:53]} Be6 {[%emt 0:00:16]} 14. e4 {[%emt 0:02:05]} dxe4 {[%emt 0:02:17]} 15. Nxe6 {[%emt 0:03:07]} fxe6 {[%emt 0:02:51]} 16. Qxd8 {[%emt 0:02:05]} Bxd8 {[%emt 0:02:30]} 17. Nxe4 {[%emt 0:02:04]} Nd5 18. Bd6 {[%emt 0:01:42]} Nb3 {[%emt 0:00:27]} 19. Rcd1 {[%emt 0:05:53]} Rc8 {[%emt 0:07:37]} 20. Bxf8 {[%emt 0:03:11]} Kxf8 {[%emt 0:00:03]} 21. Nd6 {[%emt 0:06:01]} Rc2 {[%emt 0:01:57]} 22. Be4 {[%emt 0:01:17]} Rxb2 {[%emt 0:02:16]} 23. Rb1 {[%emt 0:00:07]} Rxb1 {[%emt 0:00:45]} 24. Rxb1 {[%emt 0:00:02]} Nd2 {[%emt 0:02:07]} 25. Rxb7 {[%emt 0:02:07]} Nxe4 {[%emt 0:00:06]} 26. Nxe4 {[%emt 0:00:14]} Be7 {[%emt 0:01:46]} 27. a4 {[%emt 0:00:00]} h6 {[%emt 0:00:25]} 28. Kf1 {[%emt 0:01:15]} Ke8 {[%emt 0:00:41]} 29. Ke2 {[%emt 0:00:23]} Kd8 {[%emt 0:00:08]} 30. Rb8+ {[%emt 0:01:31]} Kc7 {[%emt 0:00:59]} 31. Rg8 {[%emt 0:00:08]} Bf6 {[%emt 0:00:09]} 32. Nxf6 {[%emt 0:01:52]} gxf6 {[%emt 0:00:08]} 33. Kd3 {[%emt 0:00:11]} Kb6 {[%emt 0:02:30]} 34. Re8 {[%emt 0:04:36]} Kc5 {[%emt 0:01:06]} 35. Rxe6 {[%emt 0:01:00]} a5 {[%emt 0:00:09]} 36. Re4 {[%emt 0:00:49]} f5 {[%emt 0:00:32]} 37. Rc4+ {[%emt 0:00:30]} 1-0

[Event "Teplice Open 2019"]
[Site "Teplice"]
[Date "2019.06.16"]
[Round "2.12"]
[White "Liska, Jiri"]
[Black "Dastan, Muhammed Batuhan"]
[Result "0-1"]
[WhiteElo "2275"]
[BlackElo "2561"]
[Annotator "TA"]
[PlyCount "100"]
[EventDate "2019.06.15"]
[EventType "swiss"]
[EventCountry "CZE"]
[SourceTitle "playchess.com"]
[Source "ChessBase"]
[SourceQuality "1"]

{[%evp 18,100,13,0,26,-3,-5,-10,-8,-53,-36,-70,-70,-68,-72,-73,-76,-70,-79,-72,-66,-65,-73,-68,-63,-64,-77,-70,-70,-87,-77,-147,-157,-200,-204,-197,-200,-231,-209,-202,-202,-329,-329,-349,-328,-322,-324,-322,-322,-313,-310,-291,-303,-340,-233,-277,-273,-314,-274,-508,-496,-540,-536,-677,-472,-670,-666,-753,-748,-859,-822,-29973,-29974,-29973,-29973,-29974,-29974,-29975,-29976,-29975,-29974,-29970,-29968,-29977,-29970]} 1. d4 Nf6 2. Nf3 g6 3. c4 Bg7 4. g3 O-O 5. Bg2 d6 6. O-O Nc6 {[%cal Bb8c6,Bc6a5,Ba5c4][%mdl 32]} 7. Nc3 a6 8. b3 Rb8 9. e3 b5 10. Qe2 Na5 {E63: King's Indian: Fianchetto: Panno Variation with 7...a6} (10... Bd7 11. Bb2 Na5 12. Nd2 Bg4 13. f3 Bd7 14. Rfd1 Re8 15. Rac1 bxc4 16. Nxc4 c6 17. e4 Bh6 18. Ne3 {½-½ (35) Ghaem Maghami,E (2523)-Jones,G (2675) Dubai 2018}) 11. Rd1 bxc4 12. bxc4 c5 {The position is equal.} 13. Ba3 Be6 $1 14. dxc5 $146 ({Predecessor:} 14. d5 Bg4 15. Rac1 Nd7 16. Ne4 Ne5 17. Ned2 Qe8 18. h3 Bxf3 19. Nxf3 {0-1 (45) Nikitina,E (2047)-Bivol,A (2327) Sochi 2018}) 14... Nxc4 15. Nd4 $1 {[%cal Rd4e6]} Nxa3 16. Qxa6 {[#]} Ra8 $1 17. Qxa8 Qxa8 18. Bxa8 Rxa8 19. Nxe6 fxe6 20. cxd6 exd6 21. Rac1 d5 22. e4 dxe4 23. Rd6 Kf7 24. Re1 (24. Rc6 $142) 24... Nc4 $17 25. Rc6 {[#]} Ne5 $1 {[%cal Re5c6]} 26. Rc7+ Kg8 {And now ...Nf3+ would win.} 27. Kg2 Nd5 28. Nxd5 exd5 29. Rb1 (29. Re2 $142) 29... Rxa2 $19 30. Rb8+ Bf8 31. Rcc8 Nd7 32. Rb7 {[#]} Nc5 $1 {[%cal Rc5b7]} 33. Rb5 Nd3 34. Rxd5 Rxf2+ 35. Kg1 {Hoping for Rxd3!} Rf5 36. Rd4 Nc5 37. Rd1 Kf7 38. g4 $2 (38. Rf1 {was worth a try.}) 38... Rf4 39. Rf1 g5 40. h4 h6 41. Rc7+ (41. hxg5 $142 hxg5 42. Kg2) 41... Be7 42. Rc6 Ne6 43. hxg5 hxg5 44. Kg2 Rxf1 {Black mates.} 45. Kxf1 Kf6 46. Ra6 Ke5 47. Ra5+ Bc5 48. Ra8 Kd5 49. Rg8 Be3 50. Rg6 Bf4 {Accuracy: White = 31%, Black = 74%.} 0-1

[Event "Teplice Open 2019"]
[Site "Teplice"]
[Date "2019.06.16"]
[Round "2.13"]
[White "Vorobiov, Evgeny E."]
[Black "Tuma, Jiri"]
[Result "1-0"]
[WhiteElo "2556"]
[BlackElo "2257"]
[Annotator "ChessBase"]
[PlyCount "23"]
[EventDate "2019.06.15"]
[EventType "swiss"]
[EventCountry "CZE"]
[SourceTitle "playchess.com"]
[Source "ChessBase"]
[SourceQuality "1"]
[TimeControl "40/5400+30:1800+30"]

1. d4 {[%emt 0:00:00]} Nf6 {[%emt 0:00:00]} 2. c4 {[%emt 0:00:00]} c5 {[%emt 0:00:25]} 3. d5 {[%emt 0:00:11]} b5 {[%emt 0:00:36]} 4. Nf3 {[%emt 0:05:14]} g6 {[%emt 0:06:27]} 5. Qc2 {[%emt 0:04:22]} Bg7 {[%emt 0:02:53]} 6. e4 {[%emt 0:00:19]} O-O {[%emt 0:05:29]} 7. cxb5 {[%emt 0:03:38]} e6 {[%emt 0:10:35]} 8. Nc3 {[%emt 0:07:54]} exd5 9. exd5 {[%emt 0:00:21]} a6 {[%emt 0:18:47]} 10. bxa6 {[%emt 0:09:40]} Re8+ {[%emt 0:15:18]} 11. Be2 {[%emt 0:01:52]} Bxa6 {[%emt 0:00:35]} 12. O-O {[%emt 0:06:13]} 1-0

[Event "Teplice Open 2019"]
[Site "Teplice"]
[Date "2019.06.16"]
[Round "2.14"]
[White "Babula, Vlastimil"]
[Black "Freisler, Pavel"]
[Result "1-0"]
[WhiteElo "2550"]
[BlackElo "2246"]
[Annotator "ChessBase"]
[PlyCount "55"]
[EventDate "2019.06.15"]
[EventType "swiss"]
[EventCountry "CZE"]
[SourceTitle "playchess.com"]
[Source "ChessBase"]
[SourceQuality "1"]
[TimeControl "40/5400+30:1800+30"]

1. d4 {[%emt 0:00:00]} Nf6 {[%emt 0:00:00]} 2. c4 {[%emt 0:00:00]} e6 {[%emt 0:00:00]} 3. Nf3 {[%emt 0:00:00]} b6 {[%emt 0:01:15]} 4. a3 {[%emt 0:00:22]} Bb7 {[%emt 0:00:51]} 5. Nc3 {[%emt 0:00:11]} d5 {[%emt 0:00:31]} 6. Bg5 {[%emt 0:01:07]} Be7 {[%emt 0:13:13]} 7. Qc2 {[%emt 0:01:06]} O-O {[%emt 0:06:21]} 8. e3 {[%emt 0:01:00]} Nbd7 {[%emt 0:00:37]} 9. cxd5 {[%emt 0:00:20]} exd5 {[%emt 0:05:25]} 10. Bd3 {[%emt 0:02:43]} h6 {[%emt 0:03:30]} 11. Bf4 {[%emt 0:00:51]} c5 {[%emt 0:01:37]} 12. O-O {[%emt 0:02:40]} Nh5 {[%emt 0:03:31]} 13. Be5 {[%emt 0:01:26]} Nxe5 {[%emt 0:02:20]} 14. Nxe5 {[%emt 0:09:41]} cxd4 {[%emt 0:05:05]} 15. exd4 {[%emt 0:00:23]} Nf4 {[%emt 0:00:11]} 16. Bh7+ {[%emt 0:07:50]} Kh8 {[%emt 0:00:08]} 17. Bf5 {[%emt 0:00:04]} Bd6 {[%emt 0:05:46]} 18. Rfe1 {[%emt 0:01:56]} Bc8 {[%emt 0:17:34]} 19. g3 {[%emt 0:21:54]} Bxe5 {[%emt 0:09:42]} 20. Rxe5 {[%emt 0:00:51]} f6 {[%emt 0:00:04]} 21. Re3 {[%emt 0:01:53]} Nh3+ {[%emt 0:00:08]} 22. Bxh3 {[%emt 0:12:42]} Bxh3 {[%emt 0:00:02]} 23. Rae1 {[%emt 0:00:07]} Qc8 {[%emt 0:07:53]} 24. Qg6 {[%emt 0:06:44]} Bf5 {[%emt 0:07:57]} 25. Qh5 {[%emt 0:00:11]} Bh7 {[%emt 0:00:35]} 26. Re7 {[%emt 0:03:28]} Qc4 {[%emt 0:01:26]} 27. Rxg7 {[%emt 0:02:24]} Kxg7 {[%emt 0:00:22]} 28. Re7+ {[%emt 0:00:07]} 1-0

[Event "Teplice Open 2019"]
[Site "Teplice"]
[Date "2019.06.16"]
[Round "2.15"]
[White "Real, Thibault"]
[Black "Plat, Vojtech"]
[Result "0-1"]
[WhiteElo "2266"]
[BlackElo "2547"]
[Annotator "TA"]
[PlyCount "150"]
[EventDate "2019.06.15"]
[EventType "swiss"]
[EventCountry "CZE"]
[SourceTitle "playchess.com"]
[Source "ChessBase"]
[SourceQuality "1"]

{[%evp 16,172,31,26,55,44,68,43,40,44,36,15,48,0,36,35,28,35,77,75,76,87,86,-2,0,0,0,-22,-24,-29,-27,-17,-31,-28,0,0,31,18,10,-24,-10,-31,-33,-67,-66,-76,-69,-91,0,-15,-13,-13,-7,-4,-8,-16,0,-35,-24,-22,-33,-47,-43,-38,-46,-62,-72,-64,-64,-89,-92,-81,-29,-35,-15,-37,-49,-66,-33,-37,-30,-33,-22,-81,-22,-22,-9,-9,-10,-10,0,-15,-15,-15,-15,-15,-15,-15,-15,-37,-35,-47,-52,-73,-62,-85,-75,-88,-81,-79,-83,-90,-88,-95,-90,-90,-76,-88,-88,-195,-187,-164,-176,-162,-95,-103,-103,-95,-68,-152,-150,-142,-90,-143,-140,-140,-140,-139,-134,-241,-217,-166,-131,-131,0,-633,-629,-602,-579,-4714,-2259,-29975,-29976,-29976,-2632,-29982,-29983,-29965,-254]} 1. d4 d6 2. e4 Nf6 3. Nc3 e5 4. Nf3 Nbd7 5. Bc4 Be7 6. O-O O-O 7. Qe2 c6 8. a4 Qc7 9. Rd1 Nb6 {C41: Philidor Defence} (9... a5 10. Ba2 Re8 11. Qc4 Rf8 12. Be3 exd4 13. Nxd4 Ne5 14. Qe2 Re8 15. h3 Bf8 16. Bg5 Qb6 17. Bb3 Bd7 {1-0 (30) Shaposhnikov,E (2557)-Belov,I (2390) Sochi 2016}) 10. Ba2 Bg4 11. h3 Bxf3 {White is slightly better.} 12. Qxf3 a5 $146 ({Predecessor:} 12... Rfd8 13. Bg5 Nbd7 14. d5 Nf8 15. Be3 h6 16. Kh2 Ng6 17. g3 {1-0 (67) Odor,I (2100)-Varga,T (2043) Hungary 2016}) 13. Bb3 Nbd7 14. Ne2 Rfe8 15. c3 Bf8 16. Ng3 exd4 17. cxd4 c5 18. Bg5 cxd4 19. Nf5 (19. Rxd4 $16 Qb6 20. Bxf6 Nxf6 21. Rad1) 19... Ne5 20. Qe2 d3 21. Rxd3 Nxd3 22. Bxf6 $1 {Black must now prevent Nh6+!} Ne5 ({But not} 22... Nc5 $2 23. Nh6+ $1 {[%mdl 512]} Kh8 24. Nxf7+ Kg8 25. Qc4 $1 $18 {[%mdl 512]}) 23. Bg5 Rac8 24. Bd5 Qb6 25. Ra3 Qa6 26. Qh5 {Bf6! is the strong threat.} Rc5 $1 27. Rg3 {Threatens to win with Nh6+.} Rxd5 $1 28. exd5 Qc4 29. Bf6 {Intending Nh6+ and mate.} Ng6 30. Bc3 Qxa4 31. Qf3 Qe4 (31... b5 $1 $17 32. Kh2 b4) 32. Qxe4 Rxe4 33. Bxa5 Re5 34. Ne3 Nf4 35. Bc3 Rh5 (35... Re4 {seems wilder.} 36. Rf3 g6 37. Kf1 Bg7 38. Bd2 Ra4) 36. Kf1 Nxd5 37. Nxd5 Rxd5 $15 {[%mdl 4096] Endgame KRB-KRB} 38. Re3 f6 39. Re8 Kf7 40. Rb8 Rb5 41. Ke2 d5 42. Kd3 Bc5 43. f3 {[#]} Rb6 (43... d4 $1 $17 {[%mdl 512]} 44. Bxd4 Bxd4 45. Kxd4 Rxb2) 44. Rc8 Bd6 45. Kd4 Rb5 46. g4 Bf4 47. h4 h6 48. h5 Be5+ 49. Kd3 {[#]} (49. Ke3 $11 {keeps the balance.}) 49... Rb6 (49... d4 $1 $17 {[%cal Rd4c3][%mdl 512]} 50. Bxd4 Rd5) 50. Rd8 $11 Rd6 51. Rc8 Rd7 52. Bb4 g6 53. hxg6+ Kxg6 54. b3 h5 55. gxh5+ Kxh5 56. Bd2 Kg6 57. Rh8 Kf5 58. Rh5+ Ke6 59. Rh8 Rg7 60. Re8+ Kd7 61. Rh8 Rg3 62. Ke3 Rg2 63. Kd3 Rf2 64. Ke3 Rf1 65. b4 Rb1 66. Rh7+ Kc6 67. Rf7 (67. f4 $17) 67... Rb3+ 68. Ke2 b6 69. Rf8 Ra3 ({Black should play} 69... Ba1 $19 70. Rd8 Be5 71. Rc8+ Kd7) 70. Rc8+ $17 Kd7 71. Rf8 Ra1 72. Rf7+ {[#]} (72. Be3 $15) 72... Kc6 $1 73. Rf8 Rh1 (73... Ra2 $142 74. Kd3 Ra3+ 75. Ke2 Kd6) 74. Rd8 (74. Rc8+ $142 Kd7 75. Rf8) 74... Rh2+ 75. Kd3 Rf2 {Played: Rh2-h3} 0-1

[Event "Teplice Open 2019"]
[Site "Teplice"]
[Date "2019.06.16"]
[Round "2.16"]
[White "Shevchenko, Kirill"]
[Black "Horak, Martin"]
[Result "1-0"]
[WhiteElo "2539"]
[BlackElo "2244"]
[Annotator "TA"]
[PlyCount "62"]
[EventDate "2019.06.15"]
[EventType "swiss"]
[EventCountry "CZE"]
[SourceTitle "playchess.com"]
[Source "ChessBase"]
[SourceQuality "1"]

{[%evp 9,62,0,18,13,20,17,16,20,28,35,25,19,24,11,19,14,20,18,33,23,39,29,23,29,24,28,35,31,32,25,90,89,85,90,109,107,104,91,110,97,97,113,134,134,264,256,226,189,232,229,227,211,241,197,229]} 1. d4 Nf6 2. Nf3 e6 3. Bf4 c5 4. e3 Nc6 5. c3 Nh5 (5... d5 6. Nbd2 cxd4 7. exd4 Nh5 8. Be3 Qc7 9. g3 f5 10. Ne5 Nf6 11. Ndf3 Bd6 12. Nd3 O-O 13. Bg2 b6 14. O-O Ba6 {1-0 (47) Karjakin,S (2783)-Nakamura,H (2786) chess.com INT 2017}) 6. Bg5 {A46: 1 d4 Nf6 2 Nf3 e6: Torre, London and Colle Systems} Be7 7. Bxe7 Qxe7 8. Nbd2 {The position is equal.} d5 9. Bb5 {[#] Strongly threatening Ne5.} Bd7 10. Bxc6 Bxc6 11. Ne5 Nf6 12. Nxc6 bxc6 {[%cal Bb7c6,Bc6c5][%mdl 32]} 13. Qa4 Rc8 {[#]} 14. Nb3 $146 {[%mdl 2048] White has good play.} ({Predecessor:} 14. O-O O-O {½-½ (80) Gupta,A (2610)-Demidov,M (2523) chess.com INT 2018}) 14... Nd7 15. Qxa7 {[%cal Rb3c5]} c4 16. Nd2 O-O 17. Qa4 c5 18. O-O Ra8 19. Qc2 Rfb8 (19... cxd4 $11 20. exd4 e5) 20. b3 $16 cxb3 21. axb3 e5 22. dxc5 {Rxa8 is the strong threat.} Qxc5 23. Qd3 Nb6 24. e4 Rxa1 25. Rxa1 Rc8 26. exd5 Nxd5 (26... Qxd5 $16 {was called for.} 27. Qxd5 Nxd5) 27. Ne4 $18 Qc6 28. Rd1 {White is clearly better.} Nf6 29. Nxf6+ gxf6 30. c4 Rb8 31. Qe3 Kg7 {Accuracy: White = 71%, Black = 36%.} 1-0

[Event "Teplice Open 2019"]
[Site "Teplice"]
[Date "2019.06.16"]
[Round "2.17"]
[White "Svanda, Ondrej"]
[Black "Dragnev, Valentin"]
[Result "1/2-1/2"]
[WhiteElo "2261"]
[BlackElo "2521"]
[Annotator "ChessBase"]
[PlyCount "71"]
[EventDate "2019.06.15"]
[EventType "swiss"]
[EventCountry "CZE"]
[SourceTitle "playchess.com"]
[Source "ChessBase"]
[SourceQuality "1"]
[TimeControl "40/5400+30:1800+30"]

1. e4 {[%emt 0:00:00]} e5 {[%emt 0:00:54]} 2. Nf3 {[%emt 0:00:00]} Nc6 {[%emt 0:00:18]} 3. Bb5 {[%emt 0:00:47]} a6 {[%emt 0:02:42]} 4. Ba4 {[%emt 0:00:10]} Nf6 {[%emt 0:00:07]} 5. d3 {[%emt 0:02:14]} d6 {[%emt 0:00:48]} 6. O-O {[%emt 0:00:32]} b5 {[%emt 0:01:00]} 7. Bb3 {[%emt 0:00:06]} Na5 {[%emt 0:00:05]} 8. Re1 {[%emt 0:09:26]} Be7 {[%emt 0:02:07]} 9. c3 {[%emt 0:07:53]} Nxb3 {[%emt 0:00:07]} 10. axb3 {[%emt 0:00:52]} O-O {[%emt 0:00:43]} 11. Nbd2 {[%emt 0:00:21]} c5 {[%emt 0:12:30]} 12. Nf1 {[%emt 0:05:43]} Be6 {[%emt 0:00:54]} 13. Ng3 {[%emt 0:06:26]} h6 {[%emt 0:04:21]} 14. d4 {[%emt 0:07:07]} cxd4 {[%emt 0:04:28]} 15. cxd4 {[%emt 0:04:28]} Qc7 {[%emt 0:00:18]} 16. d5 {[%emt 0:05:43]} Bd7 {[%emt 0:01:00]} 17. Bd2 {[%emt 0:03:48]} a5 {[%emt 0:04:29]} 18. b4 {[%emt 0:04:25]} axb4 {[%emt 0:07:55]} 19. Qb3 {[%emt 0:02:46]} Qb6 {[%emt 0:09:56]} 20. h3 {[%emt 0:04:38]} Ra4 {[%emt 0:03:48]} 21. Bxb4 {[%emt 0:03:34]} Rfa8 {[%emt 0:00:28]} 22. Ra3 {[%emt 0:04:03]} Bd8 {[%emt 0:01:23]} 23. Rea1 {[%emt 0:03:58]} Ne8 {[%emt 0:04:47]} 24. Ne2 {[%emt 0:02:09]} Nc7 {[%emt 0:05:03]} 25. Nc3 {[%emt 0:02:30]} Rxa3 {[%emt 0:00:56]} 26. Rxa3 {[%emt 0:00:13]} Rxa3 {[%emt 0:00:33]} 27. Qxa3 {[%emt 0:05:57]} Na6 {[%emt 0:01:04]} 28. Nd2 {[%emt 0:01:05]} Bh4 {[%emt 0:24:57]} 29. Nd1 {[%emt 0:01:50]} Qd4 {[%emt 0:01:24]} 30. Qxa6 {[%emt 0:04:54]} Qxb4 {[%emt 0:00:01]} 31. Nf3 {[%emt 0:00:40]} Bf6 {[%emt 0:00:19]} 32. Qa7 {[%emt 0:01:42]} Qxe4 {[%emt 0:00:43]} 33. Qxd7 {[%emt 0:01:09]} Qb1 {[%emt 0:00:03]} 34. Kh2 {[%emt 0:00:43]} Qxd1 {[%emt 0:00:36]} 35. Qc8+ {[%emt 0:00:05]} Kh7 {[%emt 0:00:04]} 36. Qf5+ {[%emt 0:00:04]} 1/2-1/2

[Event "Teplice Open 2019"]
[Site "Teplice"]
[Date "2019.06.16"]
[Round "2.18"]
[White "Ali Marandi, Cemil Can"]
[Black "Horak, Jiri"]
[Result "1-0"]
[WhiteElo "2520"]
[BlackElo "2226"]
[Annotator "ChessBase"]
[PlyCount "81"]
[EventDate "2019.06.15"]
[EventType "swiss"]
[EventCountry "CZE"]
[SourceTitle "playchess.com"]
[Source "ChessBase"]
[SourceQuality "1"]
[TimeControl "40/5400+30:1800+30"]

1. d4 {[%emt 0:00:00]} d5 {[%emt 0:05:33]} 2. Bf4 {[%emt 0:00:00]} Nf6 {[%emt 0:00:22]} 3. e3 {[%emt 0:00:02]} a6 {[%emt 0:00:08]} 4. Nf3 {[%emt 0:02:15]} e6 {[%emt 0:00:42]} 5. Bd3 {[%emt 0:03:48]} Nbd7 {[%emt 0:01:39]} 6. Nbd2 {[%emt 0:02:54]} Nh5 {[%emt 0:05:42]} 7. Ne5 {[%emt 0:06:16]} Nxf4 {[%emt 0:00:22]} 8. exf4 {[%emt 0:00:03]} c5 {[%emt 0:04:50]} 9. Ndf3 {[%emt 0:07:19]} cxd4 {[%emt 0:03:29]} 10. O-O {[%emt 0:00:28]} Nxe5 {[%emt 0:02:39]} 11. Nxe5 {[%emt 0:02:31]} g6 {[%emt 0:04:24]} 12. Be2 {[%emt 0:12:02]} Bg7 {[%emt 0:01:30]} 13. Qxd4 {[%emt 0:00:50]} O-O {[%emt 0:00:09]} 14. Rfd1 {[%emt 0:05:37]} Qc7 {[%emt 0:11:17]} 15. c4 {[%emt 0:07:08]} dxc4 {[%emt 0:00:55]} 16. Bxc4 {[%emt 0:01:26]} b5 {[%emt 0:01:23]} 17. Bb3 {[%emt 0:01:26]} Bb7 {[%emt 0:03:26]} 18. Rac1 {[%emt 0:00:51]} Qa5 {[%emt 0:19:17]} 19. Qd7 {[%emt 0:00:29]} Bxe5 {[%emt 0:01:18]} 20. fxe5 {[%emt 0:00:07]} Be4 {[%emt 0:02:40]} 21. h4 {[%emt 0:14:36]} Rad8 {[%emt 0:07:32]} 22. Qe7 {[%emt 0:00:23]} Rfe8 {[%emt 0:01:33]} 23. Qf6 {[%emt 0:01:47]} Qb6 {[%emt 0:08:10]} 24. Qf4 {[%emt 0:02:10]} Qb7 {[%emt 0:06:33]} 25. Rxd8 {[%emt 0:04:41]} Rxd8 {[%emt 0:00:28]} 26. h5 {[%emt 0:00:06]} Bf5 {[%emt 0:05:14]} 27. Qg5 {[%emt 0:00:25]} Re8 {[%emt 0:00:47]} 28. h6 {[%emt 0:00:21]} f6 {[%emt 0:00:26]} 29. Qxf6 {[%emt 0:00:44]} Qf7 {[%emt 0:01:18]} 30. Qg5 {[%emt 0:01:27]} Qe7 {[%emt 0:00:26]} 31. Qxe7 {[%emt 0:01:08]} Rxe7 {[%emt 0:00:05]} 32. f3 {[%emt 0:00:07]} g5 {[%emt 0:00:25]} 33. g4 {[%emt 0:00:21]} Bd3 {[%emt 0:00:39]} 34. Rc6 {[%emt 0:00:16]} Kf7 {[%emt 0:00:26]} 35. Rxa6 {[%emt 0:01:12]} Bc4 {[%emt 0:00:22]} 36. Bc2 {[%emt 0:00:18]} Rd7 {[%emt 0:01:12]} 37. Rd6 {[%emt 0:01:14]} Rc7 {[%emt 0:00:31]} 38. Bxh7 {[%emt 0:00:22]} Bxa2 {[%emt 0:00:12]} 39. Bd3 {[%emt 0:01:07]} Bc4 {[%emt 0:00:38]} 40. h7 {[%emt 0:00:20]} Bxd3 {[%emt 0:00:34]} 41. h8=Q {[%emt 0:30:16]} 1-0

[Event "Teplice Open 2019"]
[Site "Teplice"]
[Date "2019.06.16"]
[Round "2.19"]
[White "Pajeken, Wolfgang"]
[Black "Greenfeld, Alon"]
[Result "0-1"]
[WhiteElo "2259"]
[BlackElo "2513"]
[Annotator "ChessBase"]
[PlyCount "79"]
[EventDate "2019.06.15"]
[EventType "swiss"]
[EventCountry "CZE"]
[SourceTitle "playchess.com"]
[Source "ChessBase"]
[SourceQuality "1"]
[TimeControl "40/5400+30:1800+30"]

1. Nf3 {[%emt 0:00:00]} Nf6 {[%emt 0:02:14]} 2. c4 {[%emt 0:00:00]} g6 {[%emt 0:01:50]} 3. Nc3 {[%emt 0:00:00]} Bg7 {[%emt 0:00:42]} 4. e4 {[%emt 0:00:00]} c5 {[%emt 0:00:50]} 5. d4 {[%emt 0:05:13]} cxd4 {[%emt 0:00:27]} 6. Nxd4 {[%emt 0:00:27]} d6 {[%emt 0:03:02]} 7. Be2 {[%emt 0:02:04]} O-O {[%emt 0:00:15]} 8. O-O {[%emt 0:00:57]} Nc6 {[%emt 0:00:08]} 9. Be3 {[%emt 0:04:20]} Bd7 {[%emt 0:02:37]} 10. Nc2 {[%emt 0:02:06]} Qa5 {[%emt 0:06:03]} 11. f3 {[%emt 0:02:07]} Rfc8 {[%emt 0:01:44]} 12. Qd2 {[%emt 0:01:36]} Ne5 {[%emt 0:14:43]} 13. Na3 {[%emt 0:04:34]} Be6 {[%emt 0:03:08]} 14. Nd5 {[%emt 0:03:18]} Qxd2 {[%emt 0:02:05]} 15. Bxd2 {[%emt 0:00:06]} Nxd5 {[%emt 0:00:54]} 16. cxd5 {[%emt 0:03:47]} Bd7 {[%emt 0:00:19]} 17. Rac1 {[%emt 0:02:36]} f5 {[%emt 0:05:00]} 18. h3 {[%emt 0:04:10]} fxe4 {[%emt 0:08:52]} 19. fxe4 {[%emt 0:01:07]} Nf7 {[%emt 0:01:10]} 20. Rb1 {[%emt 0:14:05]} a6 {[%emt 0:05:30]} 21. Kf2 {[%emt 0:13:53]} b5 {[%emt 0:00:59]} 22. Ke1 {[%emt 0:00:00]} Rab8 {[%emt 0:12:56]} 23. Kd1 {[%emt 0:00:00]} Ne5 {[%emt 0:00:47]} 24. b3 {[%emt 0:00:00]} Rf8 {[%emt 0:01:14]} 25. Be3 {[%emt 0:03:59]} e6 {[%emt 0:04:32]} 26. dxe6 {[%emt 0:10:05]} Bxe6 {[%emt 0:00:20]} 27. Rxf8+ {[%emt 0:02:14]} Rxf8 {[%emt 0:08:07]} 28. Nc2 {[%emt 0:02:04]} d5 {[%emt 0:04:56]} 29. Nd4 {[%emt 0:10:17]} Bf7 {[%emt 0:00:26]} 30. exd5 {[%emt 0:00:21]} Bxd5 {[%emt 0:00:00]} 31. g3 {[%emt 0:00:23]} Re8 {[%emt 0:00:00]} 32. Kd2 {[%emt 0:02:57]} Nf7 {[%emt 0:00:00]} 33. g4 {[%emt 0:07:00]} Nd6 {[%emt 0:00:00]} 34. Bf3 {[%emt 0:00:18]} Bxf3 35. Nxf3 {[%emt 0:00:01]} Ne4+ {[%emt 0:01:22]} 36. Kd3 {[%emt 0:00:26]} Nc3 {[%emt 0:00:04]} 37. Rc1 {[%emt 0:00:43]} Nxa2 {[%emt 0:00:09]} 38. Rc7 {[%emt 0:00:51]} Nb4+ {[%emt 0:00:18]} 39. Kd2 {[%emt 0:00:31]} Nd5 {[%emt 0:00:18]} 40. Ng1 {[%emt 0:00:35]} 0-1